LEADER 04395 am 22006133u 450 001 996309064103316 005 20221026222153.0 010 $a3-11-066158-6 024 7 $a10.1515/9783110661583 035 $a(CKB)4100000009185789 035 $a(OAPEN)1006614 035 $a(DE-B1597)521625 035 $a(OCoLC)1121058203 035 $a(DE-B1597)9783110661583 035 $a(MiAaPQ)EBC6637647 035 $a(Au-PeEL)EBL6637647 035 $a(OCoLC)1273001763 035 $a(oapen)https://directory.doabooks.org/handle/20.500.12854/26208 035 $a(EXLCZ)994100000009185789 100 $a20200406h20192019 fg 101 0 $ager 135 $auuuuu---auuuu 181 $ctxt$2rdacontent 182 $cc$2rdamedia 183 $acr$2rdacarrier 200 10$aWerke in historisch-kritischen Ausgaben$iReigen ; Historisch-kritische Ausgabe /$fArthur Schnitzler; Marina Rauchenbacher, Konstanze Fliedl 210 $aBerlin/Boston$cDe Gruyter$d2019 210 1$aBerlin ;$aBoston :$cDe Gruyter,$d[2019] 210 4$d©2019 215 $a1 online resource (1090) 225 0 $aWerke in historisch-kritischen Ausgaben 311 $a3-11-065590-X 327 $tFrontmatter --$tInhalt --$t0. Vorbemerkung --$tUmschlag U --$tEntwurfsskizze E --$tFigurenliste HF --$tSzene 1 HSz1 --$tSzene 2 HSz2 --$tSzene 3 HSz3 --$tSzene 4 HSz4 --$tTyposkript TSz4 --$tSzene 5 HSz5 --$tSzene 6 HSz6 --$tSzene 7 HSz7 --$tSzene 8 HSz8 --$tTextstufe H'Sz9 --$tSzene 9 HSz9 --$tTextstufe H'Sz10 --$tNotiz N --$tSzene 10 HSz10 --$t2. Drucktext --$t2.1. Herausgebereingriffe --$t3. Kommentar --$t4.1. Schenkungsblatt --$t4.2. Schauplätze und Orte --$t4.3. Stadtplan von Wien (1893) --$t4.4. Druckgeschichte --$t4.5. Beispielseiten aus dem Privatdruck --$t4.6. Siglenverzeichnis 330 $aLa Ronde is one of Arthur Schnitzler's most controversial works. The historical-critical edition provides an introduction to its history, reconstructs the provenance of the manuscript, and presents a facsimile of the manuscript along with a transcription, a print text, and a commentary. The edition offers a new foundation for the study of the central text in Schnitzler's oeuvre. 330 $a"Reigen" erscheint als elfter Band der historisch-kritischen Ausgabe von Arthur Schnitzlers Frühwerk. Als einer der bekanntesten Texte Schnitzlers, sicherlich aber als der umstrittenste, ist er ein zentraler Teil seines ?uvres.Bis dato fehlten eine detaillierte Aufbereitung der Textgenese, eine valide Transkription und ein nach wissenschaftlichen Kriterien erstellter Drucktext. Diese Lücken schließt die vorliegende Ausgabe. Das gesamte handschriftliche Material wird faksimiliert samt Transkription und in rekonstruierter genetischer Ordnung dargeboten. Der Drucktext basiert auf dem Privatdruck von 1900 und präsentiert in einem Variantenapparat die Druckgenese zu Schnitzlers Lebzeiten, ergänzt durch eine Darstellung der Druckgeschichte. Zudem liefert der Band einen Kommentar sowie weiteres Zusatzmaterial, etwa zur Provenienz des Manuskripts.Inhalt und Form von "Reigen" sorgten von Beginn an für eine kontroverse Rezeption, die auch das Erstarken reaktionärer, antisemitischer Gruppierungen im ersten Drittel des 20. Jahrhunderts zeigt. "Reigen" wurde breit rezipiert und vielfach adaptiert. Die historisch-kritische Ausgabe bietet eine wissenschaftlich fundierte Grundlage für weitere Arbeiten mit diesem wichtigen Text der Wiener Moderne. 606 $aLiterary studies: from c 1900 -$2bicssc 608 $aDrama.$2lcgft 610 $aSchnitzler, Arthur. 610 $aViennese Modern Age. 615 7$aLiterary studies: from c 1900 - 676 $a832/.8 700 $aSchnitzler$b Arthur$f1862-1931,$4aut$4http://id.loc.gov/vocabulary/relators/aut$0320902 701 $aBörner$b Ingo$0861007 701 $aKlestorfer$b Teresa$0861008 701 $aSchwentner$b Isabella$0861009 702 $aFliedl$b Konstanze$4edt$4http://id.loc.gov/vocabulary/relators/edt 702 $aRauchenbacher$b Marina$4edt$4http://id.loc.gov/vocabulary/relators/edt 712 02$aFonds zur Fo?rderung der Wissenschaftlichen Forschung (Austria)$4fnd$4http://id.loc.gov/vocabulary/relators/fnd 801 0$bDE-B1597 801 1$bDE-B1597 906 $aBOOK 912 $a996309064103316 996 $aWerke in historisch-kritischen Ausgaben$91921471 997 $aUNISA LEADER 04865nam 22007335 450 001 996333143103316 005 20231110224748.0 010 $a3-11-066847-5 024 7 $a10.1515/9783110668476 035 $a(CKB)4100000010570063 035 $a(DE-B1597)532635 035 $a(DE-B1597)9783110668476 035 $a(MiAaPQ)EBC6209838 035 $a(Au-PeEL)EBL6209838 035 $a(OCoLC)1149475174 035 $a(oapen)https://directory.doabooks.org/handle/20.500.12854/48527 035 $a(EXLCZ)994100000010570063 100 $a20200406h20202020 fg 101 0 $aeng 135 $aur||#|||||||| 181 $ctxt$2rdacontent 182 $cc$2rdamedia 183 $acr$2rdacarrier 200 00$aGerman and Dutch in Contrast $eSynchronic, Diachronic and Psycholinguistic Perspectives /$fGunther Vogelaer, Dietha Koster, Torsten Leuschner 210 $cDe Gruyter$d2020 210 1$aBerlin ;$aBoston :$cDe Gruyter,$d[2020] 210 4$d©2020 215 $a1 online resource (VI, 356 p.) 225 0 $aKonvergenz und Divergenz ;$v11 311 $a3-11-066839-4 327 $tFrontmatter --$tContents --$tIntroduction - German and Dutch in contrast: synchronic, diachronic and psycholinguistic perspectives --$tNickname formation in West Germanic: German Jessi and Thomson meet Dutch Jess and Tommie and English J-Bo and Tommo --$tAnalogues of the way-construction in German and Dutch: another Germanic sandwich? --$tLice in the fur of our language? German irrelevance particles between Dutch and English --$tIPP in Afrikaans: a corpus-based investigation and a comparison with Dutch and German --$tThe grammaticalisation of definite articles in German, Dutch, and English: a microtypological approach --$tA diachronic contrastive study of sentence-internal capitalisation in Dutch and German --$tMiddle High German and modern Flemish s?retraction in /rs/-clusters --$tThe role of verb-second word order for L1 German, Dutch and Norwegian L2 English learners: a grammar competition analysis --$tSyntactic or semantic gender agreement in Dutch, German and German learner Dutch: a speeded grammaticality judgement task --$tSubtle differences, rigorous implications: German and Dutch representation of tense-aspect features in SLA research of Spanish --$tFood for psycholinguistic thought on gender in Dutch and German: a literature review on L1 and L2 production and processing 330 $aDesigned as a contribution to contrastive linguistics, the present volume brings up-to-date the comparison of German with its closest neighbour, Dutch, and other Germanic relatives like English, Afrikaans, and the Scandinavian languages. It takes its inspiration from the idea of a "Germanic Sandwich", i.e. the hypothesis that sets of genetically related languages diverge in systematic ways in diverse domains of the linguistic system. Its contributions set out to test this approach against new phenomena or data from synchronic, diachronic and, for the first time in a Sandwich-related volume, psycholinguistic perspectives. With topics ranging from nickname formation to the IPP (aka 'Ersatzinfinitiv'), from the grammaticalisation of the definite article to /s/-retraction, and from the role of verb-second order in the acquisition of L2 English to the psycholinguistics of gender, the volume appeals to students and specialists in modern and historical linguistics, psycholinguistics, translation studies, language pedagogy and cognitive science, providing a wealth of fresh insights into the relationships of German with its closest relatives while highlighting the potential inherent in the integration of different methodological traditions. 410 0$aKonvergenz und Divergenz 606 $aDeutsch 606 $aDutch 606 $aGerman 606 $aGermanic Sandwich 606 $aKontrastive Linguistik 606 $aNiederländisch 606 $acontrastive linguistics 606 $aFOREIGN LANGUAGE STUDY / German$2bisacsh 610 $aDutch. 610 $aGerman. 610 $aGermanic Sandwich. 610 $acontrastive linguistics. 615 4$aDeutsch. 615 4$aDutch. 615 4$aGerman. 615 4$aGermanic Sandwich. 615 4$aKontrastive Linguistik. 615 4$aNiederländisch. 615 4$acontrastive linguistics. 615 7$aFOREIGN LANGUAGE STUDY / German. 676 $a410 700 $aLeuschner$b Torsten$4auth$0295433 702 $aKoster$b Dietha$4edt$4http://id.loc.gov/vocabulary/relators/edt 702 $aLeuschner$b Torsten$4edt$4http://id.loc.gov/vocabulary/relators/edt 702 $aVogelaer$b Gunther$4edt$4http://id.loc.gov/vocabulary/relators/edt 801 0$bDE-B1597 801 1$bDE-B1597 906 $aBOOK 912 $a996333143103316 996 $aGerman and Dutch in Contrast$93401242 997 $aUNISA LEADER 04605nam 2200793 a 450 001 9910792329703321 005 20200520144314.0 010 $a1-282-71616-6 010 $a9786612716164 010 $a3-11-024059-9 024 7 $a10.1515/9783110240597 035 $a(CKB)2670000000019197 035 $a(EBL)533670 035 $a(OCoLC)630543218 035 $a(SSID)ssj0000425167 035 $a(PQKBManifestationID)12165408 035 $a(PQKBTitleCode)TC0000425167 035 $a(PQKBWorkID)10368542 035 $a(PQKB)11561310 035 $a(MiAaPQ)EBC533670 035 $a(DE-B1597)39422 035 $a(OCoLC)979584728 035 $a(OCoLC)987933683 035 $a(OCoLC)992508190 035 $a(OCoLC)999365280 035 $a(DE-B1597)9783110240597 035 $a(Au-PeEL)EBL533670 035 $a(CaPaEBR)ebr10385988 035 $a(CaONFJC)MIL271616 035 $a(PPN)175565678 035 $a(EXLCZ)992670000000019197 100 $a20100614d2010 uy 0 101 0 $ager 135 $aur||||||||||| 181 $ctxt 182 $cc 183 $acr 200 10$aPetrus in Rom$b[electronic resource] $eDie literarischen Zeugnisse : Mit einer kritischen Edition der Martyrien des Petrus und Paulus auf neuer handschriftlicher Grundlage /$fvon Otto Zwierlein 205 $a2., durchgesehene und erg. Aufl. 210 $aBerlin $cDe Gruyter$d2010 215 $a1 online resource (506 p.) 225 1 $aUntersuchungen zur antiken Literatur und Geschichte,$x1862-1112 ;$vBd. 96 300 $aDescription based upon print version of record. 311 $a3-11-024058-0 320 $aIncludes bibliographical references and index. 327 $t Frontmatter -- $tInhaltsverzeichnis -- $tEinleitung -- $tA. Die "Schlüsselbeweise" für einen Aufenthalt des Apostels Petrus in Rom -- $tB. Das Wirken Petri in Rom: Die apokryphen Apostelakten und der Exkurs über Petrus und Simon Magus im 'Hegesipp' des Ambrosius -- $tC. Legende und Historie -- $tD. Philologische Untersuchungen zur Datierung des ersten "Clemensbriefes" und der Spätschriften des Neuen Testaments -- $tErgebnis -- $tAusblick -- $tKritische Edition der Martyrien des Petrus und des Paulus auf neuer handschriftlicher Grundlage -- $tEditio critica der beiden Martyrien mit Übersetzung -- $t Backmatter 330 $aAusgangspunkt dieses in zweiter Auflage durchgesehenen und ergänzten Bandes ist ein Exkurs im Bellum Iudaicum des hier dem Ambrosius zugeschriebenen sog. Hegesippus über den Wettstreit des Petrus mit Simon Magus in Rom und die sich daran anschließende Christenverfolgung Neros, in der die Apostel Petrus und Paulus das Martyrium erleiden. Die Frage nach den Quellen dieser Episode und deren Historizität führt zu einer Überprüfung der "Schlüsselbeweise" für einen Aufenthalt des Petrus in Rom und der sonstigen literarischen Zeugnisse vom Neuen Testament bis in die Spätantike. Im Vordergrund stehen die apokryphen Apostelakten, der 1. Clemensbrief, Iustinus Martyr, Dionysios von Korinth, Polykarp von Smyrna und die Antihäretiker Hegesippus und Irenäus von Lyon. Die vermeintlich echten Briefe des Ignatius von Antiochien werden in den Rahmen christlicher und heidnischer Pseudepigrapha der Zweiten Sophistik eingeordnet, ihre Entstehungszeit auf das Jahrzehnt 170-180 festgelegt. Ein breites Kapitel ist philologischen Untersuchungen zur Datierung des 1. Clemensbriefes und der Spätschriften des Neuen Testamentes gewidmet. Am Ende steht eine kritische Edition (mit Übersetzung) der Martyrien des Petrus und des Paulus unter Berücksichtigung einer hier erstmalig eingeführten griechischen Handschrift, die ein bisher nicht bekanntes Selbstporträt des Paulus enthält. 410 0$aUntersuchungen zur antiken Literatur und Geschichte ;$vBd. 96. 606 $aApocryphal Acts of the Apostles$xCriticism, interpretation, etc 606 $aMartyrologies$xHistory and criticism 606 $aRELIGION / Bible / General$2bisacsh 607 $aRom$2swd 610 $aFirst Clement. 610 $aIgnatius of Antioch. 610 $aNew Testament. 610 $aPersecution of Christians. 610 $aSimon Magus. 615 0$aApocryphal Acts of the Apostles$xCriticism, interpretation, etc. 615 0$aMartyrologies$xHistory and criticism. 615 7$aRELIGION / Bible / General. 676 $a225.92 700 $aZwierlein$b Otto$0171592 801 0$bMiAaPQ 801 1$bMiAaPQ 801 2$bMiAaPQ 906 $aBOOK 912 $a9910792329703321 996 $aPetrus in Rom$93749614 997 $aUNINA